<?xml version="1.0" encoding="UTF-8"?>
<record
    xmlns:xsi="http://www.w3.org/2001/XMLSchema-instance"
    xsi:schemaLocation="http://www.loc.gov/MARC21/slim http://www.loc.gov/standards/marcxml/schema/MARC21slim.xsd"
    xmlns="http://www.loc.gov/MARC21/slim">

  <leader>02278nam a22002057a 4500</leader>
  <controlfield tag="003">OSt</controlfield>
  <controlfield tag="005">20260327104121.0</controlfield>
  <controlfield tag="008">260325b        |||||||| |||| 00| 0 esp d</controlfield>
  <datafield tag="082" ind1=" " ind2=" ">
    <subfield code="2">9788492921126</subfield>
    <subfield code="a">9788492921126</subfield>
    <subfield code="b">9788492921126</subfield>
  </datafield>
  <datafield tag="100" ind1=" " ind2=" ">
    <subfield code="a"> Simon Sinek.</subfield>
  </datafield>
  <datafield tag="245" ind1=" " ind2=" ">
    <subfield code="a">Los l&#xED;deres comen al final</subfield>
  </datafield>
  <datafield tag="250" ind1=" " ind2=" ">
    <subfield code="a">1ra edici&#xF3;n</subfield>
  </datafield>
  <datafield tag="260" ind1=" " ind2=" ">
    <subfield code="a">Ecuador </subfield>
    <subfield code="b">Empresa Activa (Ediciones Urano).</subfield>
    <subfield code="c"> 2015</subfield>
  </datafield>
  <datafield tag="300" ind1=" " ind2=" ">
    <subfield code="a"> 350 pag</subfield>
    <subfield code="c">13.34 x 2.54 x 20.96 cm</subfield>
  </datafield>
  <datafield tag="490" ind1=" " ind2=" ">
    <subfield code="3"> Papel ahuesado o blanco de gramaje est&#xE1;ndar</subfield>
  </datafield>
  <datafield tag="520" ind1=" " ind2=" ">
    <subfield code="a">El C&#xED;rculo de Seguridad: Cuando los empleados se sienten seguros y valorados, su respuesta natural es la cooperaci&#xF3;n y el esfuerzo extra. Si hay miedo al despido o humillaci&#xF3;n, el cerebro entra en modo supervivencia y la innovaci&#xF3;n se detiene.
La Qu&#xED;mica del Liderazgo: Sinek explica el comportamiento humano a trav&#xE9;s de cuatro qu&#xED;micos:
Ego&#xED;stas (Dopamina y Endorfina): Nos hacen sentir bien al lograr metas individuales, pero son adictivas y poco duraderas.
Sociales (Serotonina y Oxitocina): Generan orgullo, confianza y amor. Son el "pegamento" que mantiene unido al equipo y solo se liberan cuando nos sentimos parte de algo m&#xE1;s grande.
El Cortisol (El Enemigo): Es la hormona del estr&#xE9;s. Si un l&#xED;der gestiona mediante el miedo, el equipo vive con niveles altos de cortisol, lo que inhibe la oxitocina, destruye la empat&#xED;a y afecta la salud f&#xED;sica de los trabajadores.
Abstinencia de Liderazgo: Sinek critica la cultura empresarial moderna que prioriza los n&#xFA;meros sobre las personas. Argumenta que tratar a los empleados como piezas intercambiables destruye la capacidad de una empresa para sobrevivir a largo plazo.
Por qu&#xE9; comen al final: El t&#xED;tulo viene de una tradici&#xF3;n de los Marines: los oficiales de mayor rango comen despu&#xE9;s que los soldados. Esto simboliza que el l&#xED;der est&#xE1; dispuesto a sacrificar su comodidad (o su bono) por el bienestar de su gente.</subfield>
  </datafield>
  <datafield tag="650" ind1=" " ind2=" ">
    <subfield code="a">Tem&#xE1;tico: Liderazgo - Aspectos biol&#xF3;gicos. Tem&#xE1;tico: Psicolog&#xED;a industrial. Tem&#xE1;tico: Cultura organizacional.</subfield>
    <subfield code="x">Elemento de entrada (Tema): Liderazgo Subdivisi&#xF3;n general ($x): Aspectos psicol&#xF3;gicos</subfield>
    <subfield code="y">Encabezamiento: Liderazgo &#x2014; Siglo XXI Encabezamiento: Administraci&#xF3;n de personal &#x2014; Siglo XXI</subfield>
  </datafield>
  <datafield tag="700" ind1=" " ind2=" ">
    <subfield code="a">Sinek, Simon</subfield>
  </datafield>
  <datafield tag="942" ind1=" " ind2=" ">
    <subfield code="2">ddc</subfield>
    <subfield code="c">BK</subfield>
    <subfield code="n">0</subfield>
  </datafield>
  <datafield tag="952" ind1=" " ind2=" ">
    <subfield code="0">0</subfield>
    <subfield code="1">0</subfield>
    <subfield code="2">ddc</subfield>
    <subfield code="4">0</subfield>
    <subfield code="7">0</subfield>
    <subfield code="8">F02</subfield>
    <subfield code="a">ISUS</subfield>
    <subfield code="b">ISUS</subfield>
    <subfield code="c">Biblioteca Abierta</subfield>
    <subfield code="d">2026-03-25</subfield>
    <subfield code="i">0456</subfield>
    <subfield code="l">0</subfield>
    <subfield code="o">0456</subfield>
    <subfield code="p">BIBLIO0456</subfield>
    <subfield code="r">2026-03-25 12:09:20</subfield>
    <subfield code="t">1</subfield>
    <subfield code="w">2026-03-25</subfield>
    <subfield code="y">BK</subfield>
  </datafield>
  <datafield tag="999" ind1=" " ind2=" ">
    <subfield code="c">2028</subfield>
    <subfield code="d">2028</subfield>
  </datafield>
</record>
